000 00538nam a22001817a 4500
003 OSt
005 20180116183046.0
008 160719b xxu||||| |||| 00| 0 eng d
020 _a9780230000261
040 _c0
082 _a174.4 DOL 2006
100 _aSimon L. Dolan,
245 _aManaging By Values
_bA Corporate Guide to Living Being Alive, and Making a Living in the 21st Century
_cSimon L. Dolan,
260 _aBriatain
_bPalgrave Macmillan
_c2006
300 _a236 p.
_bHB
440 _aManaging By Values
942 _2ddc
_cBK
999 _c351415
_d351415